00413cam a2200157ua 45000010005000000080039000050400009000440820011000532450062000642500012001262600047001383000013001856530013001986530018002117000026002296123131118n ii |||gr||||Z||||||eng cMAIN a657.4211aCost Accounts : bText And Problems / cBy M.C. Shukla .  a8th ed. aNew Delhi:bS. Chand & Company LTD,c1982. avi,508p. aCommerce aCost Accounts1 aShukla,M.C.,eAuthor.